[Event "ESP-ch U12"]
[Site "Salobrena"]
[Date "2023.07.12"]
[Round "5"]
[White "Soto Fernandez, Diego"]
[Black "Plazas Ros, Juan Jose"]
[Result "1-0"]
[WhiteElo "1535"]
[BlackElo "1324"]
[PlyCount "77"]
[EventDate "2023.07.10"]
[EventType "swiss"]
[EventRounds "9"]
[EventCountry "ESP"]
[SourceTitle "EXT 2024"]
[Source "ChessBase"]
[SourceDate "2023.10.10"]
[SourceVersion "1"]
[SourceVersionDate "2023.10.10"]
[SourceQuality "1"]

1. d4 Nf6 2. Nf3 e6 3. Bf4 d5 4. e3 c5 5. c3 Nc6 6. Nbd2 Bd6 7. Bg3 b6 8. Bd3 Bb7 9. Ne5 Qc7 10. f4 Ne7 11. Bf2 Ng6 12. Qf3 a5 13. Qh3 Bxe5 14. Bxg6 Bxd4 15. Bc2 Bxc3 16. bxc3 Ba6 17. Nf3 Nd7 18. Ng5 Nf6 19. Rb1 Ke7 20. f5 h6 21. Nf3 Bc4 22. a4 Rab8 23. Bg3 Qa7 24. Bxb8 Rxb8 25. Ne5 Qc7 26. Nxc4 dxc4 27. fxe6 Qe5 28. 0-0 Qxc3 29. Qg3 Rc8 30. Rxb6 Qxc2 31. Rb7+ Kxe6 32. Qh3+ Kd6 33. Qxc8 Qxa4 34. Qc7+ Kd5 35. Qxf7+ Ke4 36. Qe7+ Kd3 37. Qxc5 Qe8 38. Qd4+ Kc2 39. Rb2# 1-0

[Event "ESP-ch U12"]
[Site "Salobrena"]
[Date "2023.07.11"]
[Round "3"]
[White "Soto Fernandez, Diego"]
[Black "Herraiz Gomez, Iker"]
[Result "0-1"]
[WhiteElo "1535"]
[BlackElo "1787"]
[PlyCount "52"]
[EventDate "2023.07.10"]
[EventType "swiss"]
[EventRounds "9"]
[EventCountry "ESP"]
[SourceTitle "EXT 2024"]
[Source "ChessBase"]
[SourceDate "2023.10.10"]
[SourceVersion "1"]
[SourceVersionDate "2023.10.10"]
[SourceQuality "1"]

1. d4 f5 2. Nf3 Nf6 3. Bf4 e6 4. e3 b6 5. c4 Bb7 6. a3 Be7 7. h3 0-0 8. Nc3 Ne4 9. d5 Bf6 10. Be5 Bxe5 11. Nxe5 Nxc3 12. bxc3 d6 13. Nf3 e5 14. Qc2 Nd7 15. g4 g6 16. gxf5 Rxf5 17. Bd3 Rxf3 18. Bxg6 Qe7 19. Rg1 Kh8 20. Bf5 Rf8 21. e4 Nc5 22. Ke2 Rf4 23. Rg2 Ba6 24. Rag1 Bxc4+ 25. Ke3 Bd3 26. Qd1 Bxe4 0-1

[Event "ESP-ch U12"]
[Site "Salobrena"]
[Date "2023.07.10"]
[Round "2"]
[White "Soto Fernandez, Diego"]
[Black "Ania Chueca, Mario"]
[Result "1-0"]
[WhiteElo "1535"]
[BlackElo "1295"]
[PlyCount "99"]
[EventDate "2023.07.10"]
[EventType "swiss"]
[EventRounds "9"]
[EventCountry "ESP"]
[SourceTitle "EXT 2024"]
[Source "ChessBase"]
[SourceDate "2023.10.10"]
[SourceVersion "1"]
[SourceVersionDate "2023.10.10"]
[SourceQuality "1"]

1. d4 d5 2. Nf3 Nf6 3. Bf4 Bf5 4. e3 e6 5. Be2 Bd6 6. Bg3 c5 7. c3 Nc6 8. Nbd2 cxd4 9. exd4 0-0 10. Nh4 Re8 11. Nxf5 exf5 12. 0-0 Ne4 13. Bxd6 Qxd6 14. f3 Nxd2 15. Qxd2 f4 16. Rfe1 Re6 17. Bd3 Rae8 18. Rxe6 Qxe6 19. Qxf4 g6 20. Qd2 Qe3+ 21. Qxe3 Rxe3 22. Kf2 Re7 23. Re1 f5 24. Rxe7 Nxe7 25. Bb5 f4 26. Bd7 Kf7 27. Ke2 g5 28. Kd3 h6 29. b3 Nc6 30. Bxc6 bxc6 31. c4 Ke6 32. Kc3 h5 33. Kb4 Kd6 34. c5+ Kc7 35. Kc3 a6 36. b4 Kb7 37. a4 g4 38. a5 g3 39. hxg3 fxg3 40. Kd3 h4 41. Ke2 Kc7 42. f4 Kd7 43. f5 Ke7 44. b5 cxb5 45. c6 b4 46. f6+ Kxf6 47. c7 h3 48. gxh3 g2 49. Kf2 g1Q+ 50. Kxg1 1-0

[Event "ESP-ch U10 Rapid"]
[Site "Salobrena"]
[Date "2022.07.10"]
[Round "8"]
[White "Miralles Serna, Ricardo"]
[Black "Soto Fernandez, Diego"]
[Result "0-1"]
[WhiteElo "1310"]
[BlackElo "1423"]
[PlyCount "67"]
[EventDate "2022.07.09"]
[EventType "swiss (rapid)"]
[EventRounds "9"]
[EventCountry "ESP"]
[SourceTitle "EXT 2023"]
[Source "ChessBase"]
[SourceDate "2022.10.05"]
[SourceVersion "1"]
[SourceVersionDate "2022.10.05"]
[SourceQuality "1"]

1. d4 f5 2. Nf3 e6 3. Nc3 Bb4 4. Bd2 Nf6 5. a3 Bxc3 6. Bxc3 b6 7. e3 Bb7 8. Be2 0-0 9. 0-0 Ne4 10. Qd3 Ba6 11. Qd1 Bb7 12. Nd2 Nxc3 13. bxc3 d6 14. Bf3 Nc6 15. d5 Ne5 16. dxe6 Nxf3+ 17. Nxf3 Rf6 18. Re1 Rxe6 19. Nd4 Rg6 20. Nf3 Qe7 21. Qe2 Rf8 22. Rab1 Rff6 23. Rb4 a5 24. Rh4 Rh6 25. Rxh6 Rxh6 26. Qd3 Be4 27. Qd1 Rg6 28. Qe2 Bb7 29. Qc4+ Kh8 30. Qh4 Qf8 31. Rf1 Bxf3 32. g3 h6 33. Qd4 Qc8 34. h4 0-1

[Event "ESP-ch U10 Rapid"]
[Site "Salobrena"]
[Date "2022.07.10"]
[Round "5"]
[White "Soto Fernandez, Diego"]
[Black "Gonzalez Lopez, Lucas I"]
[Result "1/2-1/2"]
[WhiteElo "1423"]
[BlackElo "1612"]
[PlyCount "82"]
[EventDate "2022.07.09"]
[EventType "swiss (rapid)"]
[EventRounds "9"]
[EventCountry "ESP"]
[SourceTitle "EXT 2023"]
[Source "ChessBase"]
[SourceDate "2022.10.05"]
[SourceVersion "1"]
[SourceVersionDate "2022.10.05"]
[SourceQuality "1"]

1. d4 Nf6 2. Nf3 g6 3. e3 Bg7 4. b3 d6 5. Bb2 0-0 6. c4 Nbd7 7. Be2 Re8 8. 0-0 e5 9. dxe5 dxe5 10. Nc3 e4 11. Nd2 Nc5 12. Ba3 Nd3 13. Ndxe4 Nxe4 14. Nxe4 Bxa1 15. Qxa1 Ne5 16. Bb2 Bf5 17. Bxe5 Bxe4 18. Bf6 Qd6 19. Rd1 Qf8 20. Qd4 Re6 21. Bg4 Rd6 22. Qb2 Rxd1+ 23. Bxd1 h5 24. Be2 Re8 25. h3 Re6 26. Bc3 Qd6 27. f3 Bd3 28. Kf2 Bxe2 29. Qxe2 c5 30. e4 Qd7 31. Qe3 f6 32. Qxc5 b6 33. Qd5 Qe8 34. Bxf6 Qf7 35. Qd8+ Re8 36. Qd5 Re6 37. Qd8+ Re8 38. Qd5 Re6 39. Qd8+ Re8 40. Qd5 Re6 41. Qd8+ Re8 1/2-1/2

[Event "ESP-ch U10"]
[Site "Salobrena"]
[Date "2022.07.07"]
[Round "6"]
[White "Soto Fernandez, Diego"]
[Black "Gonzalez Argandona, Manuel"]
[Result "0-1"]
[WhiteElo "1423"]
[BlackElo "1409"]
[PlyCount "64"]
[EventDate "2022.07.04"]
[EventType "swiss"]
[EventRounds "9"]
[EventCountry "ESP"]
[SourceTitle "EXT 2023"]
[Source "ChessBase"]
[SourceDate "2022.10.05"]
[SourceVersion "1"]
[SourceVersionDate "2022.10.05"]
[SourceQuality "1"]

1. c4 c6 2. Nc3 d5 3. cxd5 cxd5 4. d4 Nc6 5. g3 Bf5 6. Bg2 e6 7. Nf3 Nf6 8. 0-0 Be7 9. Bf4 h6 10. Ne5 0-0 11. a3 Qb6 12. Na4 Qd8 13. b4 Nxe5 14. Bxe5 Nd7 15. Bf4 b5 16. Nc5 Nb6 17. Rc1 Nc4 18. Qb3 Bg5 19. Rfd1 Bxf4 20. gxf4 Qh4 21. e3 Bh3 22. f3 f5 23. Rc2 Rf6 24. Nd7 Rg6 25. Ne5 Nxe5 26. fxe5 Qh5 27. Rf1 Rf8 28. Rff2 f4 29. exf4 Rxf4 30. Rcd2 Rf5 31. Kh1 Rfg5 32. Qe3 Qh4 0-1